<?xml version="1.0" encoding="UTF-8"?>
<record
    xmlns:xsi="http://www.w3.org/2001/XMLSchema-instance"
    xsi:schemaLocation="http://www.loc.gov/MARC21/slim http://www.loc.gov/standards/marcxml/schema/MARC21slim.xsd"
    xmlns="http://www.loc.gov/MARC21/slim">

  <leader>01079nam2a22002531  4500</leader>
  <controlfield tag="001">rc\498206</controlfield>
  <controlfield tag="005">20250621165705.0</controlfield>
  <datafield tag="035" ind1=" " ind2=" ">
    <subfield code="a">(NLR Aleph) 005817358</subfield>
  </datafield>
  <datafield tag="090" ind1=" " ind2=" ">
    <subfield code="a">5444023</subfield>
    <subfield code="c">5444023</subfield>
  </datafield>
  <datafield tag="100" ind1=" " ind2=" ">
    <subfield code="a">20030616d1989    |||y0rusy50      ca</subfield>
  </datafield>
  <datafield tag="101" ind1="0" ind2=" ">
    <subfield code="a">rus</subfield>
  </datafield>
  <datafield tag="102" ind1=" " ind2=" ">
    <subfield code="a">RU</subfield>
  </datafield>
  <datafield tag="105" ind1=" " ind2=" ">
    <subfield code="a">a   |||||||||</subfield>
  </datafield>
  <datafield tag="200" ind1="0" ind2=" ">
    <subfield code="a">[2]</subfield>
    <subfield code="e">(&#x41F;&#x440;&#x43E;&#x434;&#x43E;&#x43B;&#x436;&#x435;&#x43D;&#x438;&#x435;)</subfield>
  </datafield>
  <datafield tag="210" ind1=" " ind2=" ">
    <subfield code="d">1989</subfield>
    <subfield code="a">&#x411;. &#x43C;.</subfield>
  </datafield>
  <datafield tag="215" ind1=" " ind2=" ">
    <subfield code="a">10 &#x441;.</subfield>
    <subfield code="c">&#x433;&#x440;&#x430;&#x444;.</subfield>
  </datafield>
  <datafield tag="225" ind1="1" ind2=" ">
    <subfield code="a">...</subfield>
    <subfield code="v">&#x420;2-89-850</subfield>
  </datafield>
  <datafield tag="320" ind1=" " ind2=" ">
    <subfield code="a">&#x411;&#x438;&#x431;&#x43B;&#x438;&#x43E;&#x433;&#x440;.: &#x441;. 10 (6 &#x43D;&#x430;&#x437;&#x432;.)</subfield>
  </datafield>
  <datafield tag="461" ind1=" " ind2="0">
    <subfield code="1">001rc\498205</subfield>
    <subfield code="1">2001#$a&#x418;&#x43D;&#x442;&#x435;&#x433;&#x440;&#x438;&#x440;&#x443;&#x435;&#x43C;&#x430;&#x44F; &#x442;&#x440;&#x435;&#x445;&#x43A;&#x430;&#x43D;&#x430;&#x43B;&#x44C;&#x43D;&#x430;&#x44F; &#x441;&#x442;&#x430;&#x442;&#x438;&#x447;&#x435;&#x441;&#x43A;&#x430;&#x44F; &#x43C;&#x43E;&#x434;&#x435;&#x43B;&#x44C; &#x43F;&#x440;&#x43E;&#x446;&#x435;&#x441;&#x441;&#x43E;&#x432; &#x440;&#x430;&#x441;&#x441;&#x435;&#x44F;&#x43D;&#x438;&#x44F; &#x434;&#x432;&#x443;&#x445; &#x447;&#x430;&#x441;&#x442;&#x438;&#x446; &#x441;&#x43E; &#x441;&#x43F;&#x438;&#x43D;&#x43E;&#x43C; I$v[2]</subfield>
    <subfield code="1">700#1$a&#x420;&#x435;&#x440;&#x438;&#x445;$b&#x41A;.&#x412;.</subfield>
    <subfield code="9">5444018</subfield>
    <subfield code="a">&#x420;&#x435;&#x440;&#x438;&#x445;, &#x41A;.&#x412;.</subfield>
    <subfield code="c">&#x414;&#x443;&#x431;&#x43D;&#x430;</subfield>
    <subfield code="d">1988-</subfield>
    <subfield code="n">&#x41E;&#x418;&#x42F;&#x418;</subfield>
    <subfield code="t">&#x418;&#x43D;&#x442;&#x435;&#x433;&#x440;&#x438;&#x440;&#x443;&#x435;&#x43C;&#x430;&#x44F; &#x442;&#x440;&#x435;&#x445;&#x43A;&#x430;&#x43D;&#x430;&#x43B;&#x44C;&#x43D;&#x430;&#x44F; &#x441;&#x442;&#x430;&#x442;&#x438;&#x447;&#x435;&#x441;&#x43A;&#x430;&#x44F; &#x43C;&#x43E;&#x434;&#x435;&#x43B;&#x44C; &#x43F;&#x440;&#x43E;&#x446;&#x435;&#x441;&#x441;&#x43E;&#x432; &#x440;&#x430;&#x441;&#x441;&#x435;&#x44F;&#x43D;&#x438;&#x44F; &#x434;&#x432;&#x443;&#x445; &#x447;&#x430;&#x441;&#x442;&#x438;&#x446; &#x441;&#x43E; &#x441;&#x43F;&#x438;&#x43D;&#x43E;&#x43C; I</subfield>
    <subfield code="v">[2]</subfield>
  </datafield>
  <datafield tag="801" ind1=" " ind2="0">
    <subfield code="a">RU</subfield>
    <subfield code="b">NLR</subfield>
    <subfield code="g">psbo</subfield>
  </datafield>
  <datafield tag="801" ind1=" " ind2="1">
    <subfield code="a">RU</subfield>
    <subfield code="b">ELAR</subfield>
    <subfield code="2">rusmarc</subfield>
  </datafield>
  <datafield tag="852" ind1=" " ind2=" ">
    <subfield code="a">NLR</subfield>
    <subfield code="j">88-6/6096</subfield>
  </datafield>
  <datafield tag="942" ind1=" " ind2=" ">
    <subfield code="c">BOOK</subfield>
  </datafield>
  <datafield tag="980" ind1=" " ind2=" ">
    <subfield code="a">NB</subfield>
  </datafield>
  <datafield tag="995" ind1=" " ind2=" ">
    <subfield code="5">2013-10-26</subfield>
    <subfield code="b">NLR01</subfield>
    <subfield code="c">NLR01</subfield>
    <subfield code="e">RF9</subfield>
    <subfield code="f">5817358-10</subfield>
    <subfield code="k">88-6/6096</subfield>
    <subfield code="o">0</subfield>
    <subfield code="r">BOOK</subfield>
    <subfield code="s">8866096_</subfield>
  </datafield>
</record>
